<?xml version="1.0" encoding="UTF-8"?><?xml-stylesheet type="text/xsl" href="static/style.xsl"?><OAI-PMH xmlns="http://www.openarchives.org/OAI/2.0/" xmlns:xsi="http://www.w3.org/2001/XMLSchema-instance" xsi:schemaLocation="http://www.openarchives.org/OAI/2.0/ http://www.openarchives.org/OAI/2.0/OAI-PMH.xsd"><responseDate>2026-06-06T04:55:21Z</responseDate><request verb="GetRecord" identifier="oai:riuma.uma.es:10630/27840" metadataPrefix="marc">https://riuma.uma.es/rest/oai/request</request><GetRecord><record><header><identifier>oai:riuma.uma.es:10630/27840</identifier><datestamp>2026-02-03T12:02:58Z</datestamp><setSpec>com_10630_2254</setSpec><setSpec>col_10630_37959</setSpec></header><metadata><record xmlns="http://www.loc.gov/MARC21/slim" xmlns:dcterms="http://purl.org/dc/terms/" xmlns:doc="http://www.lyncode.com/xoai" xmlns:xsi="http://www.w3.org/2001/XMLSchema-instance" xsi:schemaLocation="http://www.loc.gov/MARC21/slim http://www.loc.gov/standards/marcxml/schema/MARC21slim.xsd">
   <leader>00925njm 22002777a 4500</leader>
   <datafield ind2=" " ind1=" " tag="042">
      <subfield code="a">dc</subfield>
   </datafield>
   <datafield ind2=" " ind1=" " tag="720">
      <subfield code="a">Salguero-Caparrós, Francisco Miguel</subfield>
      <subfield code="e">author</subfield>
   </datafield>
   <datafield ind2=" " ind1=" " tag="720">
      <subfield code="a">Herrera-Pérez, Virginia</subfield>
      <subfield code="e">author</subfield>
   </datafield>
   <datafield ind2=" " ind1=" " tag="720">
      <subfield code="a">Pardo-Ferreira, María del Carmen</subfield>
      <subfield code="e">author</subfield>
   </datafield>
   <datafield ind2=" " ind1=" " tag="720">
      <subfield code="a">Rubio-Romero, Juan Carlos</subfield>
      <subfield code="e">author</subfield>
   </datafield>
   <datafield ind2=" " ind1=" " tag="260">
      <subfield code="c">2023</subfield>
   </datafield>
   <datafield ind2=" " ind1=" " tag="520">
      <subfield code="a">Tras la puesta en vigor del Real Decreto-ley 28/2018, de 28 de diciembre, se produjo un cambio inusual que afectaba a la contabilización de los accidentes laborales en lo trabajadores por cuenta propia en España, dado que debían cotizar la totalidad de contingencias cuando antes era voluntario. El presente estudio tiene como objetivo conocer el estado de la siniestralidad laboral de los trabajadores por cuenta propia tras la aparición de esta nueva legislación. Para alcanzar el objetivo planteado, se efectúa el análisis de 68.378 accidentes laborales en trabajadores autónomos obtenidos a partir de las Estadísticas de siniestralidad laboral del Ministerio de Trabajo y Economía Social del Gobierno de España entre los años 2019 y 2020. Se ha estudiado la evolución de los índices de incidencia de accidentes de trabajo ocurridos en jornada laboral divididos por sector, sección, comunidad autónoma, edad y género del accidentado. Los resultados obtenidos muestran que el sector de la construcción es el de mayor índice de siniestralidad. La Comunidad Foral de Navarra tiene el mayor índice de incidencia a pesar de no ser la comunidad con mayor número de accidentes laborales de autónomos, siendo los autónomos varones de 16 a 24 años los que tienen mayor tasa de siniestralidad laboral. Estos resultados plantean conclusiones relevantes para mejorar la actividad diaria del colectivo del trabajador autónomo tan importante y esencial para la economía española.</subfield>
   </datafield>
   <datafield ind1="8" ind2=" " tag="024">
      <subfield code="a">https://hdl.handle.net/10630/27840</subfield>
   </datafield>
   <datafield tag="653" ind2=" " ind1=" ">
      <subfield code="a">Seguridad industrial</subfield>
   </datafield>
   <datafield tag="653" ind2=" " ind1=" ">
      <subfield code="a">Trabajadores autónomos - Medidas de seguridad</subfield>
   </datafield>
   <datafield ind2="0" ind1="0" tag="245">
      <subfield code="a">Análisis de la siniestralidad laboral en trabajadores por cuenta propia en España (2019-2020).</subfield>
   </datafield>
</record>
</metadata></record></GetRecord></OAI-PMH>